[Event "FIDE World Blitz-ch Women 2018"]
[Site "St. Petersburg"]
[Date "2018.12.29"]
[Round "8.21"]
[White "Nebolsina, Vera"]
[Black "Khotenashvili, Bela"]
[Result "0-1"]
[WhiteElo "2242"]
[BlackElo "2479"]
[Annotator "ChessBase"]
[PlyCount "106"]
[EventDate "2018.12.19"]
[EventType "swiss"]
[EventCountry "RUS"]
[SourceTitle "playchess.com"]
[Source "ChessBase"]
[SourceQuality "1"]

1. e4 c6 2. d4 g6 3. Nc3 Bg7 4. Nf3 d5 5. h3 Nh6 6. Bd3 O-O 7. O-O f6 8. Qe2 Nf7 9. Rd1 e6 10. Be3 Nd7 11. Qd2 Re8 12. Ne2 Nd6 13. exd5 exd5 14. Ng3 Ne4 15. Bxe4 dxe4 16. Nh2 Nb6 17. b3 f5 18. c4 Be6 19. Ne2 Bf7 20. Rac1 Nd7 21. Bh6 Bf6 22. Ng3 c5 23. dxc5 Nxc5 24. Qb4 Qc7 25. Rc2 Nd3 26. Qd2 Rad8 27. Qe2 Bd4 28. Be3 Bxe3 29. Qxe3 f4 30. Qxa7 fxg3 31. fxg3 Qxg3 32. Ng4 Nf4 33. Rf1 Nxh3+ 34. Kh1 Qxg4 35. gxh3 Qxh3+ 36. Kg1 Rd3 37. Rg2 Rg3 38. Rxg3 Qxg3+ 39. Kh1 Qh3+ 40. Kg1 Qg4+ 41. Kh1 Qh5+ 42. Kg1 Qg5+ 43. Kh1 Qe7 44. Qe3 Rd8 45. Rf4 Rd1+ 46. Kh2 Qe5 47. Qxe4 Rd2+ 48. Kg3 Qxe4 49. Rxe4 Rxa2 50. Re7 b5 51. cxb5 Rb2 52. Re3 Rxb3 53. Rxb3 Bxb3 0-1

[Event "FIDE World Blitz-ch Women 2018"]
[Site "St. Petersburg"]
[Date "2018.12.29"]
[Round "8.22"]
[White "Garcia Martin, Marta"]
[Black "Vo, Thi Kim Phung"]
[Result "0-1"]
[WhiteElo "2301"]
[BlackElo "2352"]
[Annotator "NA"]
[PlyCount "190"]
[EventDate "2018.12.19"]
[EventType "swiss"]
[EventCountry "RUS"]
[SourceTitle "playchess.com"]
[Source "ChessBase"]
[SourceQuality "1"]

1. e4 e6 2. d4 d5 3. Nd2 Nf6 4. e5 Nfd7 5. Bd3 c5 6. c3 Nc6 7. Ne2 f6 8. exf6 Nxf6 9. O-O cxd4 10. cxd4 Bd6 11. Nf3 O-O 12. Bf4 Ne4 13. Bxd6 Qxd6 14. Ng3 Nxg3 15. hxg3 e5 16. dxe5 Nxe5 17. Nxe5 Qxe5 18. Qc2 Bf5 19. Rae1 Bxd3 20. Qxd3 Qd6 21. Re2 Rf7 22. Rd1 Rd8 23. Red2 Rfd7 24. Qd4 a6 25. Qg4 d4 26. Rd3 Qd5 27. a3 h6 28. Qh4 Qe5 29. Qg4 Rd6 30. Qf3 R8d7 31. Qf4 Qxf4 32. gxf4 Kf7 33. Kf1 Kf6 34. Ke2 Kf5 35. Kf3 h5 36. g3 Rd5 37. Rh1 g6 38. Rhd1 R7d6 39. R1d2 Rd7 40. Rd1 R7d6 41. R1d2 Rd7 42. Rd1 R7d6 43. R1d2 Rd7 44. Rd1 a5 45. R1d2 R7d6 46. Rd1 b6 47. R1d2 Rb5 48. b3 Rbd5 49. Rd1 Rc6 50. Kg2 Rcd6 51. Kf3 Rd7 52. R1d2 Rc7 53. Kg2 Rcd7 54. Kf3 R7d6 55. Rd1 Rb5 56. Kg2 Ke4 57. f3+ Kf5 58. Kh3 Rbd5 59. Kh4 Rd7 60. Kh3 h4 61. gxh4 Kxf4 62. Rg1 Kf5 63. Rg4 Kf6 64. Kg3 R7d6 65. Rf4+ Ke7 66. Kg4 Kd7 67. Re4 Kc6 68. b4 axb4 69. axb4 Kb5 70. f4 Kxb4 71. Re1 Kc4 72. Rd2 d3 73. Rc1+ Kd4 74. Kf3 b5 75. Rb1 Kc5 76. Ke3 Re6+ 77. Kf3 b4 78. Rc1+ Kb5 79. Rcd1 Red6 80. Ke3 Re6+ 81. Kf3 Red6 82. Ke3 Kc4 83. Rc1+ Kb3 84. Rb1+ Kc3 85. Rc1+ Kb3 86. Rb1+ Ka4 87. Ra1+ Kb5 88. Rad1 b3 89. Rxd3 Rxd3+ 90. Rxd3 Re6+ 91. Kd2 Kb4 92. Kc1 Ka3 93. f5 gxf5 94. h5 Re1+ 95. Kd2 Rh1 0-1

[Event "FIDE World Blitz-ch Women 2018"]
[Site "St. Petersburg"]
[Date "2018.12.29"]
[Round "8.23"]
[White "Belenkaya, Dina"]
[Black "Mammadova, Gulnar"]
[Result "0-1"]
[WhiteElo "2338"]
[BlackElo "2368"]
[Annotator "NA"]
[PlyCount "112"]
[EventDate "2018.12.19"]
[EventType "swiss"]
[EventCountry "RUS"]
[SourceTitle "playchess.com"]
[Source "ChessBase"]
[SourceQuality "1"]

1. e4 g6 2. d4 Bg7 3. Nf3 c6 4. Nbd2 d6 5. Bd3 Nd7 6. a4 e5 7. dxe5 dxe5 8. O-O Ne7 9. b3 O-O 10. Ba3 c5 11. Nc4 Nc6 12. c3 b6 13. Qc2 Qe7 14. Rad1 Nf6 15. Rfe1 Nh5 16. Bf1 Bg4 17. Rd6 Na5 18. Red1 Nxc4 19. Bxc4 Bxf3 20. gxf3 Nf4 21. Kh1 Rad8 22. Qd2 Rxd6 23. Qxd6 Qh4 24. Bc1 Qxf2 25. Bxf4 Qxf3+ 26. Kg1 exf4 27. Qd3 Qg4+ 28. Kh1 Be5 29. Rg1 Qh5 30. Qe2 f3 31. Qc2 Rd8 32. Bd5 Qh4 33. Rf1 Qf4 34. Qf2 Kg7 35. c4 f6 36. Rd1 Bd4 37. Qg3 Qxg3 38. hxg3 h5 39. Rf1 f2 40. Kg2 g5 41. Rh1 Rh8 42. Be6 g4 43. Kf1 Kg6 44. Bf5+ Kg5 45. Kg2 h4 46. gxh4+ Rxh4 47. Rxh4 Kxh4 48. Be6 Kg5 49. Kf1 Kf4 50. Bf5 Kf3 51. Bg6 g3 52. Bh5+ Kxe4 53. Kg2 Kd3 54. Bg6+ Kc3 55. Kf1 Kxb3 56. Ke2 g2 0-1

[Event "FIDE World Blitz-ch Women 2018"]
[Site "St. Petersburg"]
[Date "2018.12.29"]
[Round "8.24"]
[White "Dordzhieva, Dinara"]
[Black "Mammadzada, Gunay"]
[Result "0-1"]
[WhiteElo "2340"]
[BlackElo "2422"]
[Annotator "NA"]
[PlyCount "76"]
[EventDate "2018.12.19"]
[EventType "swiss"]
[EventCountry "RUS"]
[SourceTitle "playchess.com"]
[Source "ChessBase"]
[SourceQuality "1"]

1. Nf3 d5 2. g3 Nf6 3. Bg2 c6 4. c4 Bg4 5. O-O e6 6. cxd5 exd5 7. d3 Nbd7 8. Qb3 Qc8 9. Nc3 Bc5 10. Qc2 O-O 11. h3 Bh5 12. e4 Re8 13. a3 a5 14. Bf4 Bxf3 15. Bxf3 dxe4 16. dxe4 Ne5 17. Bg2 Ng6 18. Bg5 Qe6 19. Rad1 h6 20. Bc1 Rad8 21. Kh2 Bd4 22. f4 Bxc3 23. Rxd8 Rxd8 24. bxc3 Qc4 25. e5 Nd5 26. e6 Nge7 27. exf7+ Kxf7 28. Bd2 Nf6 29. Re1 h5 30. Bc1 g6 31. a4 Nf5 32. Ba3 h4 33. g4 Qxf4+ 34. Kg1 Rd2 35. Qb3+ Nd5 36. Qxb7+ Kf6 37. Qxc6+ Kg5 38. Bc1 Qf2+ 0-1

[Event "FIDE World Blitz-ch Women 2018"]
[Site "St. Petersburg"]
[Date "2018.12.29"]
[Round "8.25"]
[White "Petrova, Irina"]
[Black "Mirzoeva, Elmira"]
[Result "0-1"]
[WhiteElo "2124"]
[BlackElo "2281"]
[Annotator "NA"]
[PlyCount "100"]
[EventDate "2018.12.19"]
[EventType "swiss"]
[EventCountry "RUS"]
[SourceTitle "playchess.com"]
[Source "ChessBase"]
[SourceQuality "1"]

1. d4 d6 2. e4 Nf6 3. Nc3 Nbd7 4. g3 e5 5. Nge2 Be7 6. Bg2 c6 7. a4 b6 8. O-O a6 9. h3 h5 10. Be3 Bb7 11. Qd2 O-O 12. Rad1 Qc7 13. f4 Rad8 14. Kh2 b5 15. axb5 axb5 16. b4 Nb6 17. d5 Nc4 18. Qc1 cxd5 19. Nxd5 Nxd5 20. exd5 Rc8 21. c3 Bf6 22. fxe5 Bxe5 23. Nf4 h4 24. Bd4 hxg3+ 25. Kh1 Rfe8 26. Bxe5 dxe5 27. Nd3 e4 28. Nc5 Rcd8 29. Nxb7 Qxb7 30. Qf4 e3 31. Rde1 Nd2 32. d6 Qd7 33. Bd5 Nxf1 34. Rxf1 Rf8 35. Qxe3 Qxd6 36. Bg2 Qd3 37. Qe5 Rde8 38. Qc5 Rc8 39. Qe7 Rce8 40. Qg5 Re2 41. Rg1 Qxc3 42. Qxb5 Qe3 43. Qd5 Rc8 44. Rf1 Rf8 45. b5 Rf2 46. Rd1 Qe2 47. b6 Rxg2 48. Qxg2 Qxd1+ 49. Qg1 Qxg1+ 50. Kxg1 Rb8 0-1

[Event "FIDE World Blitz-ch Women 2018"]
[Site "St. Petersburg"]
[Date "2018.12.29"]
[Round "8.26"]
[White "Bivol, Alina"]
[Black "Semenova, Elena"]
[Result "1-0"]
[WhiteElo "2393"]
[BlackElo "2260"]
[Annotator "NA"]
[PlyCount "53"]
[EventDate "2018.12.19"]
[EventType "swiss"]
[EventCountry "RUS"]
[SourceTitle "playchess.com"]
[Source "ChessBase"]
[SourceQuality "1"]

1. Nf3 d5 2. g3 Nd7 3. d4 b5 4. Bg2 Ngf6 5. O-O Bb7 6. a4 b4 7. c4 bxc3 8. Nxc3 e6 9. Bf4 c6 10. a5 Ba6 11. Re1 Bb4 12. Qa4 Bxc3 13. bxc3 O-O 14. Qxc6 Qc8 15. Qa4 Qc4 16. Qxc4 Bxc4 17. Nd2 Rfc8 18. e4 a6 19. Rec1 Ra7 20. Bd6 Rb7 21. Bb4 Nb8 22. exd5 Bxd5 23. Bf1 Bc6 24. Rab1 Nd5 25. Nc4 Nxb4 26. cxb4 Bd5 27. Nd6 1-0

[Event "FIDE World Blitz-ch Women 2018"]
[Site "St. Petersburg"]
[Date "2018.12.29"]
[Round "8.27"]
[White "Gevorgyan, Maria"]
[Black "Shafigullina, Zarina"]
[Result "1-0"]
[WhiteElo "2228"]
[BlackElo "2140"]
[Annotator "NA"]
[PlyCount "43"]
[EventDate "2018.12.19"]
[EventType "swiss"]
[EventCountry "RUS"]
[SourceTitle "playchess.com"]
[Source "ChessBase"]
[SourceQuality "1"]

1. e4 c5 2. Nc3 Nc6 3. Bb5 g6 4. Bxc6 bxc6 5. d3 Bg7 6. Nge2 d5 7. O-O Nf6 8. Ng3 e5 9. Na4 Qa5 10. b3 c4 11. dxc4 dxc4 12. Qd6 Bd7 13. Bg5 Ng8 14. Rad1 Rd8 15. Bxd8 Qxd8 16. Nc5 Nf6 17. Qxe5+ Kf8 18. Qd6+ Ke8 19. e5 Nd5 20. Nxd7 Qxd7 21. Qxd7+ Kxd7 22. bxc4 1-0

[Event "FIDE World Blitz-ch Women 2018"]
[Site "St. Petersburg"]
[Date "2018.12.29"]
[Round "8.28"]
[White "Lelekova, Olga"]
[Black "Tsatsalashvili, Keti"]
[Result "1-0"]
[WhiteElo "2261"]
[BlackElo "2303"]
[Annotator "NA"]
[PlyCount "95"]
[EventDate "2018.12.19"]
[EventType "swiss"]
[EventCountry "RUS"]
[SourceTitle "playchess.com"]
[Source "ChessBase"]
[SourceQuality "1"]

1. e4 c5 2. Nf3 d6 3. d4 cxd4 4. Qxd4 Nc6 5. Bb5 Bd7 6. Bxc6 Bxc6 7. Nc3 Nf6 8. Bg5 h6 9. Bh4 g5 10. Bg3 Bg7 11. Qd3 Rc8 12. O-O O-O 13. Rad1 b5 14. a3 a5 15. Nd5 Nd7 16. h4 g4 17. Nd4 Nc5 18. Qe2 Bd7 19. Nf5 Bxf5 20. exf5 e6 21. fxe6 fxe6 22. Nf4 e5 23. Nh5 Qe7 24. Qxg4 Ne6 25. c3 Rc4 26. Qe2 a4 27. Rd5 Nc7 28. Rd3 Kh8 29. Nxg7 Kxg7 30. Rfd1 Ne8 31. Rd5 Qb7 32. h5 Kg8 33. Qd3 Rf7 34. Qg6+ Kf8 35. Qxh6+ Ke7 36. Qg5+ Ke6 37. f4 Rc5 38. Qg6+ Rf6 39. f5+ Ke7 40. Qh7+ Rf7 41. Bh4+ Nf6 42. Bxf6+ Kxf6 43. Qg6+ Ke7 44. Qe6+ Kf8 45. Rxd6 Rc8 46. Rd8+ Rxd8 47. Rxd8+ Kg7 48. Qg6# 1-0

[Event "FIDE World Blitz-ch Women 2018"]
[Site "St. Petersburg"]
[Date "2018.12.29"]
[Round "8.29"]
[White "Kabanova, Ekaterina"]
[Black "Michna, Marta"]
[Result "1-0"]
[WhiteElo "2095"]
[BlackElo "2333"]
[Annotator "NA"]
[PlyCount "62"]
[EventDate "2018.12.19"]
[EventType "swiss"]
[EventCountry "RUS"]
[SourceTitle "playchess.com"]
[Source "ChessBase"]
[SourceQuality "1"]

1. c4 g6 2. Nf3 Bg7 3. d4 Nf6 4. Nc3 d6 5. e4 O-O 6. h3 Nbd7 7. Bd3 e5 8. d5 Nc5 9. Bc2 a5 10. g4 c6 11. Be3 cxd5 12. cxd5 Nfd7 13. a3 a4 14. Bxa4 Nb6 15. Bb5 Bd7 16. Be2 Nba4 17. Bxc5 dxc5 18. Nxa4 Rxa4 19. Qc2 Qa5+ 20. Kf1 f5 21. gxf5 gxf5 22. exf5 e4 23. Ng5 Bxf5 24. d6 e3 25. Bc4+ Kh8 26. Qe2 Bg6 27. f3 h6 28. Ne6 Rxc4 29. Nxg7 Rcf4 30. Ne6 Rxf3+ 31. Kg1 Rg3+ 1-0

[Event "FIDE World Blitz-ch Women 2018"]
[Site "St. Petersburg"]
[Date "2018.12.29"]
[Round "8.30"]
[White "Skripchenko, Almira"]
[Black "Tokhirjonova, Gulrukhbegim"]
[Result "1/2-1/2"]
[WhiteElo "2408"]
[BlackElo "2444"]
[Annotator "NA"]
[PlyCount "139"]
[EventDate "2018.12.19"]
[EventType "swiss"]
[EventCountry "RUS"]
[SourceTitle "playchess.com"]
[Source "ChessBase"]
[SourceQuality "1"]

1. Nf3 d5 2. g3 Bg4 3. Bg2 c6 4. c4 e6 5. O-O Nd7 6. cxd5 cxd5 7. Qb3 Qb6 8. Qa4 Ngf6 9. Nc3 Bd6 10. Nb5 Bb8 11. d4 O-O 12. Bd2 a6 13. Nc3 Bxf3 14. Bxf3 Qxb2 15. Rfd1 b5 16. Qa5 Bd6 17. a3 Rfc8 18. Ra2 Qb3 19. Rb1 Qc4 20. e3 Qc7 21. Qxc7 Rxc7 22. e4 dxe4 23. Nxe4 Nxe4 24. Bxe4 Rac8 25. a4 bxa4 26. Rxa4 Rc4 27. Rxc4 Rxc4 28. Be3 g6 29. Rb7 Nf6 30. Bd3 Ra4 31. Ra7 Ra1+ 32. Kg2 h5 33. Rxa6 Rxa6 34. Bxa6 Nd5 35. Kf3 Kg7 36. Bd2 Kf6 37. Bb7 Nb6 38. Ba6 g5 39. Be2 Kg6 40. Ke4 Nd5 41. Bc4 Nb6 42. Bd3 f5+ 43. Ke3 Nd5+ 44. Ke2 Kf6 45. Bc4 f4 46. Bxd5 exd5 47. gxf4 gxf4 48. Kf3 Kf5 49. h3 Bc7 50. Bc1 Bb8 51. Bd2 Ba7 52. Bxf4 Bxd4 53. Bc7 Bc5 54. Bb8 d4 55. Bf4 d3 56. Bd2 Bb6 57. h4 Bd8 58. Ke3 Bxh4 59. Kxd3 Bxf2 60. Ke2 Bb6 61. Kf3 Bc7 62. Kg2 Kg4 63. Kh1 h4 64. Bc3 h3 65. Bd2 h2 66. Bc3 Bd6 67. Bd4 Bg3 68. Bc5 Kf3 69. Bb6 Bf4 70. Ba7 1/2-1/2

[Event "FIDE World Blitz-ch Women 2018"]
[Site "St. Petersburg"]
[Date "2018.12.29"]
[Round "8.31"]
[White "Mkrtchian, Lilit"]
[Black "Chernyak, Viktoria"]
[Result "0-1"]
[WhiteElo "2392"]
[BlackElo "2186"]
[Annotator "NA"]
[PlyCount "52"]
[EventDate "2018.12.19"]
[EventType "swiss"]
[EventCountry "RUS"]
[SourceTitle "playchess.com"]
[Source "ChessBase"]
[SourceQuality "1"]

1. c4 c6 2. Nf3 d5 3. e3 Nf6 4. Nc3 e6 5. Qc2 Be7 6. b3 b6 7. Bb2 Bb7 8. Be2 Nbd7 9. d4 Rc8 10. O-O O-O 11. Rad1 Qc7 12. Ne5 Rfd8 13. f4 dxc4 14. bxc4 c5 15. Bd3 cxd4 16. exd4 Nf8 17. Ne2 Ba8 18. Ng3 Qb7 19. Qe2 Ng6 20. Rf2 Qa6 21. Ba1 Qa3 22. Re1 Qd6 23. Rd1 Bb7 24. Nh5 Nxh5 25. Qxh5 Qc7 26. Qe2 Bf6 0-1

[Event "FIDE World Blitz-ch Women 2018"]
[Site "St. Petersburg"]
[Date "2018.12.29"]
[Round "8.32"]
[White "Batsiashvili, Nino"]
[Black "Paramzina, Anastasya"]
[Result "0-1"]
[WhiteElo "2459"]
[BlackElo "2229"]
[Annotator "ChessBase"]
[PlyCount "50"]
[EventDate "2018.12.19"]
[EventType "swiss"]
[EventCountry "RUS"]
[SourceTitle "playchess.com"]
[Source "ChessBase"]
[SourceQuality "1"]

1. Nf3 Nf6 2. e3 g6 3. b3 Bg7 4. Bb2 O-O 5. c4 b6 6. d4 Bb7 7. Nc3 d5 8. Bd3 Na6 9. cxd5 Nxd5 10. Nxd5 Qxd5 11. O-O Nb4 12. Bc4 Qh5 13. a3 Nd5 14. Rc1 c5 15. Ne5 Qg5 16. f4 Nxf4 17. Qd2 Nxg2 18. Kf2 Qh4+ 19. Kg1 Qg5 20. Kf2 Rad8 21. Qe2 cxd4 22. exd4 Nf4 23. Qc2 Nh3+ 24. Ke1 Qh4+ 25. Kd1 Bxe5 0-1

[Event "FIDE World Blitz-ch Women 2018"]
[Site "St. Petersburg"]
[Date "2018.12.29"]
[Round "8.33"]
[White "Murashova, Ekaterina"]
[Black "Solozhenkina, Elizaveta"]
[Result "0-1"]
[WhiteElo "2259"]
[BlackElo "2258"]
[Annotator "NA"]
[PlyCount "62"]
[EventDate "2018.12.19"]
[EventType "swiss"]
[EventCountry "RUS"]
[SourceTitle "playchess.com"]
[Source "ChessBase"]
[SourceQuality "1"]

1. e4 c5 2. Nf3 d6 3. d4 cxd4 4. Nxd4 Nf6 5. Nc3 a6 6. f3 e5 7. Nb3 Be7 8. Be3 Be6 9. Qd2 O-O 10. O-O-O Nbd7 11. g4 b5 12. h4 b4 13. Nd5 Bxd5 14. exd5 a5 15. Bb5 a4 16. Na1 Nb6 17. Bc6 Nc4 18. Qe2 Nxe3 19. Qxe3 Ra5 20. Kb1 Nd7 21. Qe4 b3 22. cxb3 Nc5 23. Qe3 Qb6 24. Qc3 Rb8 25. b4 Qxb4 26. Qxb4 Rxb4 27. Nc2 Rf4 28. Rdf1 f5 29. g5 h6 30. g6 Rxh4 31. Rxh4 Bxh4 0-1

[Event "FIDE World Blitz-ch Women 2018"]
[Site "St. Petersburg"]
[Date "2018.12.29"]
[Round "8.34"]
[White "Tsolakidou, Stavroula"]
[Black "Atalik, Ekaterina"]
[Result "1/2-1/2"]
[WhiteElo "2387"]
[BlackElo "2447"]
[Annotator "NA"]
[PlyCount "100"]
[EventDate "2018.12.19"]
[EventType "swiss"]
[EventCountry "RUS"]
[SourceTitle "playchess.com"]
[Source "ChessBase"]
[SourceQuality "1"]

1. Nf3 Nf6 2. c4 g6 3. Nc3 d5 4. cxd5 Nxd5 5. h4 h5 6. e4 Nxc3 7. dxc3 Qxd1+ 8. Kxd1 Bg4 9. Be2 Nc6 10. Be3 O-O-O+ 11. Kc2 e5 12. Bb5 Bxf3 13. gxf3 Be7 14. f4 exf4 15. Bxf4 Bd6 16. Bg5 Rde8 17. f3 Kd7 18. Rad1 a6 19. Bf1 Kc8 20. Bh3+ Kb8 21. Bd7 Ref8 22. Bf6 Rhg8 23. Bxc6 bxc6 24. e5 Bc5 25. Kd3 Re8 26. f4 Be7 27. Bxe7 Rxe7 28. Kc4 Kb7 29. Rhg1 Rf8 30. Kb3 f6 31. Rxg6 fxe5 32. fxe5 Rxe5 33. Rg5 Rfe8 34. Rdg1 Kb6 35. Kc2 Re2+ 36. Kb3 Rh2 37. Rxh5 Ree2 38. Rb1 c5 39. a4 a5 40. Rh6+ c6 41. h5 Rh4 42. Rh7 c4+ 43. Ka3 Re5 44. h6 Re6 45. Rd1 Rexh6 46. Rxh6 Rxh6 47. Rd4 Kc5 48. Rg4 Rh1 49. Rg5+ Kb6 50. Ka2 Re1 1/2-1/2

[Event "FIDE World Blitz-ch Women 2018"]
[Site "St. Petersburg"]
[Date "2018.12.29"]
[Round "8.35"]
[White "Savina, Anastasia"]
[Black "Protopopova, Anastasiya"]
[Result "0-1"]
[WhiteElo "2334"]
[BlackElo "2304"]
[Annotator "NA"]
[PlyCount "93"]
[EventDate "2018.12.19"]
[EventType "swiss"]
[EventCountry "RUS"]
[SourceTitle "playchess.com"]
[Source "ChessBase"]
[SourceQuality "1"]

1. d4 d5 2. c4 c6 3. Nf3 Nf6 4. Nc3 a6 5. e3 e6 6. Qc2 dxc4 7. Bxc4 c5 8. O-O b5 9. Be2 Bb7 10. dxc5 Nc6 11. Rd1 Qc7 12. Nd4 Nb4 13. Qd2 Bxc5 14. a3 Nc6 15. b4 Be7 16. Bb2 O-O 17. Rac1 Qb6 18. Qe1 Rfd8 19. Nb3 Rac8 20. Bf3 Ne5 21. Bxb7 Qxb7 22. Ba1 Nc4 23. Nd4 Bf8 24. Qe2 Nxa3 25. Qa2 Nc4 26. Nce2 Nd5 27. Qb3 Nxb4 28. Bc3 Nd5 29. Ng3 Nxc3 30. Rxc3 Nd6 31. Rdc1 Rxc3 32. Qxc3 Rc8 33. Qb2 Rxc1+ 34. Qxc1 Nc4 35. Nge2 h6 36. Nc3 Nb6 37. Qb1 Nd5 38. Ne4 b4 39. Nb3 Qb5 40. Nd4 Qc4 41. Nd2 Qc3 42. Qa2 Qc1+ 43. Nf1 Qc8 44. e4 Nc3 45. Qc2 a5 46. Nb5 Qc4 47. Na7 0-1

[Event "FIDE World Blitz-ch Women 2018"]
[Site "St. Petersburg"]
[Date "2018.12.29"]
[Round "8.36"]
[White "Maltsevskaya, Aleksandra"]
[Black "Yurasova, Daria"]
[Result "1-0"]
[WhiteElo "2243"]
[BlackElo "2190"]
[Annotator "NA"]
[PlyCount "81"]
[EventDate "2018.12.19"]
[EventType "swiss"]
[EventCountry "RUS"]
[SourceTitle "playchess.com"]
[Source "ChessBase"]
[SourceQuality "1"]

1. e4 e5 2. Nf3 Nc6 3. Bb5 a6 4. Ba4 Nf6 5. O-O b5 6. Bb3 Bb7 7. d3 Be7 8. Nc3 O-O 9. Bd2 d6 10. a4 Nd4 11. Nxd4 exd4 12. Ne2 c5 13. Ng3 Rc8 14. c3 c4 15. Bc2 cxd3 16. Bxd3 dxc3 17. Bxc3 d5 18. e5 Ne4 19. Qg4 Nxc3 20. bxc3 Rxc3 21. Rfd1 Bc8 22. Qf3 g6 23. axb5 axb5 24. Nh5 Bf5 25. Nf4 Bg5 26. Nxd5 Rxd3 27. Rxd3 Bxd3 28. Qxd3 Qe8 29. f4 Bd8 30. Rb1 f6 31. Qxb5 fxe5 32. Qxe8 Rxe8 33. Rb8 Kf7 34. fxe5 Be7 35. e6+ Kf8 36. Rb7 Bc5+ 37. Kf1 Rxe6 38. Rxh7 Rd6 39. Nf4 Rd1+ 40. Ke2 Ra1 41. Ne6+ 1-0

[Event "FIDE World Blitz-ch Women 2018"]
[Site "St. Petersburg"]
[Date "2018.12.29"]
[Round "8.37"]
[White "Munkhzul, Turmunkh"]
[Black "Berend, Elvira"]
[Result "1-0"]
[WhiteElo "2255"]
[BlackElo "2332"]
[Annotator "NA"]
[PlyCount "159"]
[EventDate "2018.12.19"]
[EventType "swiss"]
[EventCountry "RUS"]
[SourceTitle "playchess.com"]
[Source "ChessBase"]
[SourceQuality "1"]

1. e4 c5 2. Nf3 e6 3. d4 cxd4 4. Nxd4 Nc6 5. Nc3 a6 6. Nxc6 bxc6 7. Bd3 d5 8. O-O Nf6 9. Qf3 Be7 10. Bf4 O-O 11. Rad1 Nd7 12. Qg3 Bh4 13. Qf3 Bf6 14. e5 Nxe5 15. Bxe5 Bxe5 16. Bxh7+ Kxh7 17. Qh5+ Kg8 18. Qxe5 f6 19. Qh5 Qe8 20. Qf3 e5 21. Qg3 Bf5 22. Rd2 Qg6 23. Qxg6 Bxg6 24. Na4 Rab8 25. b3 Rb5 26. Rc1 Bf7 27. f3 c5 28. Nc3 Ra5 29. a4 d4 30. Ne4 c4 31. Rb1 c3 32. Rdd1 Bg6 33. Ra1 Rb8 34. Kf2 f5 35. Nd6 Rc5 36. f4 Rd8 37. fxe5 Rxe5 38. Rxd4 f4 39. Rc1 Bh5 40. Nf5 Re2+ 41. Kf1 Rxd4 42. Nxd4 Rd2 43. Ne6 f3 44. gxf3 Bxf3 45. Ng5 Bg4 46. Ne4 Rxh2 47. Kg1 Rh3 48. Nf2 Rh4 49. Kg2 Bf5 50. Kg3 Rd4 51. Nd1 Rg4+ 52. Kf3 Rg1 53. Kf2 Rh1 54. Kg2 Be4+ 55. Kf2 g5 56. b4 g4 57. b5 axb5 58. axb5 Bf3 59. b6 Kf7 60. Rb1 Bb7 61. Nxc3 Rh2+ 62. Kg3 Rxc2 63. Nb5 Rd2 64. Kxg4 Ke7 65. Rc1 Ba6 66. Rc7+ Ke6 67. Nc3 Rd4+ 68. Kh5 Rb4 69. Rc6+ Kd7 70. Rf6 Ke7 71. Nd5+ Kd7 72. Nxb4 Be2+ 73. Kg5 Kc8 74. Rf7 Bc4 75. Rg7 Kb8 76. Kf5 Bb5 77. Ke5 Kc8 78. Kd6 Kb8 79. Kc5 Ba4 80. Nc6+ 1-0

[Event "FIDE World Blitz-ch Women 2018"]
[Site "St. Petersburg"]
[Date "2018.12.29"]
[Round "8.38"]
[White "Guseva, Marina"]
[Black "Zhukova, Natalia"]
[Result "0-1"]
[WhiteElo "2408"]
[BlackElo "2377"]
[Annotator "NA"]
[PlyCount "70"]
[EventDate "2018.12.19"]
[EventType "swiss"]
[EventCountry "RUS"]
[SourceTitle "playchess.com"]
[Source "ChessBase"]
[SourceQuality "1"]

1. d4 Nf6 2. c4 c5 3. d5 b5 4. cxb5 a6 5. bxa6 e6 6. Nc3 exd5 7. Nxd5 Be7 8. Nxe7 Qxe7 9. Nf3 Bxa6 10. e3 Bxf1 11. Kxf1 O-O 12. Ke2 Nc6 13. Re1 Qe6 14. a3 Nb4 15. Kf1 Qc4+ 16. Kg1 Nc2 17. Nd2 Qd3 18. Rb1 Nxe1 19. Qxe1 c4 20. Qf1 Qxf1+ 21. Kxf1 d5 22. Ke2 Rfb8 23. Ra1 Rb7 24. h3 Nd7 25. a4 Nc5 26. a5 Rba7 27. b4 cxb3 28. Bb2 Rxa5 29. Rc1 Na4 30. Bd4 b2 31. Rc2 Rb5 32. Nb1 h6 33. Kd2 Nb6 34. Bxb2 Nc4+ 35. Kc1 Rab8 0-1

[Event "FIDE World Blitz-ch Women 2018"]
[Site "St. Petersburg"]
[Date "2018.12.29"]
[Round "8.39"]
[White "Gromova, Iulia"]
[Black "Strutinskaia, Galina"]
[Result "1/2-1/2"]
[WhiteElo "2241"]
[BlackElo "2201"]
[Annotator "NA"]
[PlyCount "114"]
[EventDate "2018.12.19"]
[EventType "swiss"]
[EventCountry "RUS"]
[SourceTitle "playchess.com"]
[Source "ChessBase"]
[SourceQuality "1"]

1. d4 Nf6 2. c4 e6 3. Nf3 c5 4. d5 b5 5. Nbd2 exd5 6. cxd5 a6 7. e4 d6 8. Bd3 c4 9. Bc2 Be7 10. O-O O-O 11. Nd4 Qb6 12. N2f3 Bg4 13. Be3 Qc7 14. h3 Bh5 15. Rc1 Bg6 16. Nd2 Re8 17. f4 h6 18. f5 Bh7 19. g4 Nbd7 20. Nc6 Bf8 21. Bf4 Nc5 22. Re1 Qb6 23. Kh2 a5 24. Qf3 Nfd7 25. Rg1 f6 26. Qg3 Ne5 27. Nxe5 dxe5 28. Be3 Qd6 29. h4 Be7 30. g5 fxg5 31. hxg5 hxg5 32. Bxg5 Kh8 33. Bxe7 Rxe7 34. Qg5 Ra6 35. Rg3 Qh6+ 36. Qxh6 Rxh6+ 37. Kg2 Rh4 38. Rh1 Rxh1 39. Kxh1 g6 40. f6 Rf7 41. Rf3 g5 42. Kg2 Nd3 43. Bxd3 cxd3 44. Nb3 g4 45. Rf1 Bxe4+ 46. Kg3 a4 47. Nc5 Bxd5 48. Nxd3 Bc4 49. Rh1+ Kg8 50. Nxe5 Rxf6 51. Nxc4 bxc4 52. Rc1 Rb6 53. Rxc4 Rxb2 54. Rxa4 Kf7 55. Kxg4 Ke6 56. Kf4 Re2 57. Kf3 Re1 1/2-1/2

[Event "FIDE World Blitz-ch Women 2018"]
[Site "St. Petersburg"]
[Date "2018.12.29"]
[Round "8.40"]
[White "Mamedjarova, Turkan"]
[Black "Styazhkina, Anna"]
[Result "1-0"]
[WhiteElo "2295"]
[BlackElo "2274"]
[Annotator "NA"]
[PlyCount "167"]
[EventDate "2018.12.19"]
[EventType "swiss"]
[EventCountry "RUS"]
[SourceTitle "playchess.com"]
[Source "ChessBase"]
[SourceQuality "1"]

1. d4 d5 2. Nf3 Nf6 3. Bg5 Ne4 4. Bf4 c5 5. dxc5 Nc6 6. e3 Bg4 7. Be2 e6 8. O-O Bxc5 9. c3 O-O 10. Ne5 Bxe2 11. Qxe2 f6 12. Nxc6 bxc6 13. h3 e5 14. Bh2 Rb8 15. b4 Bb6 16. a4 Qe7 17. Rd1 Rfd8 18. Qc2 Rbc8 19. a5 Bc7 20. Nd2 Nd6 21. c4 Nf7 22. cxd5 cxd5 23. Qb3 Rb8 24. Ra4 Ng5 25. Bg3 Ne6 26. Qc3 Bd6 27. Rb1 Rdc8 28. Qb3 Qb7 29. b5 Nc5 30. Qa2 Nxa4 31. Qxa4 Qc7 32. Qb3 Qf7 33. b6 axb6 34. axb6 Bc5 35. b7 Rc7 36. Qa4 Rcxb7 37. Rc1 Bd6 38. Kh2 Rb2 39. Nf3 R2b4 40. Qa6 R4b6 41. Qa5 Bb4 42. Qa4 Kh8 43. Nh4 Qe6 44. Qa7 R6b7 45. Qa4 Bd6 46. Rc6 Qd7 47. Qa6 Bf8 48. Rc1 Ra7 49. Qd3 Rd8 50. Qe2 d4 51. Rd1 d3 52. Qh5 Kg8 53. e4 d2 54. Nf3 Bb4 55. Bxe5 fxe5 56. Qxe5 Qe7 57. Qb2 Rb7 58. Qa2+ Kh8 59. Qa6 Bd6+ 60. g3 Rc7 61. Rxd2 Bc5 62. Re2 Qf7 63. Kg2 Rf8 64. Ng5 Qf6 65. Qa5 Re7 66. Qxc5 Re5 67. Qa3 Rxg5 68. e5 Qf3+ 69. Qxf3 Rxf3 70. Kxf3 Kg8 71. g4 Kf7 72. Kg3 h5 73. f4 Rg6 74. f5 Rh6 75. Kf4 hxg4 76. hxg4 Ke7 77. Ra2 Rh2 78. Kg5 Rg2 79. Ra7+ Kf8 80. f6 gxf6+ 81. exf6 Kg8 82. Kh5 Kf8 83. g5 Rf2 84. Kg6 1-0